01256nam a2200337Ia 450000500170000000800410001702000150005804000350007310000350010824500970014325000230024026400270026330000410029033600270033133700330035833800280039149000180041950000420043750000680047953400360054765000560058365000550063965000350069465000340072965000350076370000410079870000380083994200150087708400110089299900150090320220317000547.0160601s2004 ck a g 000 0 spa  a9580414939 aCO-BoRNBPbspacCO-BoRNBPerda1 aDePaola, Tomie d1934-eautor 13aLa abuelita de arriba y la abuelita de abajo cTomie DePaola ; traducción de Mercedes Guhl a8a. reimpresión  aBogotá bNormac2004 a32 páginasbilustraciones c27 cm  atextobtxt2rdacontent asin mediaciónbn2rdamedia avolumenbnc2rdacarrier aBuenas Noches aIncluye datos biográficos del autor aThomas Anthony de Paola es el verdadero nombre de Tomie DePaola tNana upstairs & nana downstairs142LEMBaCuentos infantiles estadounidenses ySiglo XX142LEMBaLiteratura infantil estadounidenseySiglo XX142LEMBaAbuelas en la literatura142LEMBaMuerte en la literatura142LEMBaMujeres en la literatura1 aDe Paola, Tomieeilustrador 91372641 aGuhl, Mercedes,etraductor 99739 2loccBKINF aC DEP1 c4391d4391